00894cam a22002411 4500001001300000003000400013005001700017008004100034010001700075035001900092040005300111042001200164050002200176110004100198245009600239260006700335300006200402490008100464500001700545650002500562650004800587999001700635e 25000072 DLC20260227111216.0790915s1924 nyuaf 000 0 eng c ae 25000072  a(OCoLC)5378069 aLibrary, U.S. Bur. of EducationcOCldOCoLCdDLC apremarc00aLA339.L6bA5 19242 aUniversity of the State of New York.02aA report of the survey of the Lockport school systemcby the State department of education. aAlbany,bThe University of the state of New York press,c1924. a1 p. l., [5]-199 p. incl tables, diagrs.bplates.c23 cm.0 aUniversity of the state of New York bulletin ...vno. 809 ... August 1, 1924 aCover-title. 0aEducational surveys. 0aPublic schoolszNew York (State)zLockport. c20740d20740